| 000 | 00559nam a2200241 a 4500 | ||
|---|---|---|---|
| 001 | nice12345678 | ||
| 003 | IN_TiNIC | ||
| 005 | 20260116011343.0 | ||
| 008 | 050524s1321 naga grp 000 0 ara | ||
| 020 |
_a _c100 |
||
| 082 | 0 | 0 |
_a297.82 _bALI |
| 100 | _aAli, Moazzam | ||
| 245 | _aKitab Al-Lahoof Fi Qatalit Tafoof. | ||
| 260 |
_aNagpur _b _c1321 |
||
| 300 | _a191p. | ||
| 500 | _aincludes index and biblioraphy | ||
| 505 | 2 | _aArchives | |
| 650 | _aShiah-Doctrines | ||
| 700 | 1 | _aAli, Moazzam | |
| 902 | _bSRS | ||
| 942 | _cBK | ||
| 999 |
_c795 _d795 |
||